Higher Secondary Chemistry / (Record no. 8482)
[ view plain ]
| 000 -LEADER | |
|---|---|
| fixed length control field | 00680nam a2200241 a 4500 |
| 001 - CONTROL NUMBER | |
| JCCL Control Number | 8482 |
| 003 - CONTROL NUMBER IDENTIFIER | |
| JCCL marc code | BD-JhCC |
| 005 - DATE AND TIME OF LATEST TRANSACTION | |
| control field | 20180225130237.0 |
| 008 - FIXED-LENGTH DATA ELEMENTS--GENERAL INFORMATION | |
| fixed length control field | 180225s2004 bg a|||| || | 000 0 eng d |
| 035 ## - SYSTEM CONTROL NUMBER | |
| system control number | (BD-JhCC)8482 |
| 040 ## - CATALOGING SOURCE | |
| Original cataloging agency | BD-JhCC |
| Modifying agency | BD-JhCC |
| 041 ## - LANGUAGE CODE | |
| Language code of Book | eng |
| 082 ## - DEWEY DECIMAL CLASSIFICATION NUMBER | |
| Classification number | 540 |
| Author mark and Year | MAZ 2004 |
| 100 ## - MAIN ENTRY--PERSONAL NAME | |
| Personal name | Mazumder, Monimanjusha |
| 245 ## - TITLE STATEMENT | |
| Title | Higher Secondary Chemistry / |
| Statement of responsibility, etc | Monimanjusha Mazumder; Rowshan Are Begum; A. M. Sarwaruddin Chowdhury |
| 260 ## - PUBLICATION, DISTRIBUTION, ETC. (IMPRINT) | |
| Place of publication, distribution, etc | Dhaka : |
| Name of publisher, distributor, etc | Sristy Publication, |
| Date of publication, distribution, etc | 2004. |
| 300 ## - PHYSICAL DESCRIPTION | |
| Pagination | 775p. : |
| Dimensions | 23 cm. |
| 650 ## - SUBJECT ADDED ENTRY--TOPICAL TERM | |
| Topical term or geographic name as entry element | Chemistry |
| 700 ## - ADDED ENTRY--PERSONAL NAME | |
| Personal name | Begum, Rowshan Are |
| 700 ## - ADDED ENTRY--PERSONAL NAME | |
| Personal name | Chowdhury, A. M. Sarwaruddin |
| 942 ## - ADDED ENTRY ELEMENTS (KOHA) | |
| Source of classification or shelving scheme | Dewey Decimal Classification |
| Koha item type | Books |
| Source of classification or shelving scheme | Damaged status | Not for loan | Home library | Current library | Shelving location | Date of accession | Cost, normal purchase price | Total Checkouts | Full call number | Barcode | Date last seen | Copy number | Koha item type | Date checked out |
|---|---|---|---|---|---|---|---|---|---|---|---|---|---|---|
| Dewey Decimal Classification | JCC Rouf Library | JCC Rouf Library | General Stacks | 02/25/2018 | 350.00 | 540 MAZ 2004 | 10782 | 02/25/2018 | C-1 | Books | ||||
| Dewey Decimal Classification | JCC Rouf Library | JCC Rouf Library | General Stacks | 03/20/2018 | 300.00 | 4 | 540 MAZ 2004 | 11516 | 01/17/2024 | C-2 | Books | 11/26/2023 |